000 00562nam a2200181Ia 4500
005 20250423095352.0
008 250422s9999 xx 000 0 und d
020 _a9780821373040
050 _aHD 9502.A2 .F56/
100 _aRobert P Taylor...[et al.].
245 0 _aFinancing energy efficiency: lessons from Brazil, China, India and Beyond
260 _aWashington DC
260 _bThe World Bank
260 _c2008
300 _a284 p
650 _aIndustries--Energy consumption. Industries--Energy conservation--Finance. Energy policy.
942 _cBK
999 _c30064
_d30064